MARC

LEADER 00000nam0a2200000 4500
001 375999
005 20231102012802.0
035 |a (RuTPU)RU\TPU\retro\33438 
035 |a RU\TPU\book\251607 
090 |a 375999 
100 |a 20221221d1959 k y0rusy50 ca 
101 0 |a rus 
102 |a RU 
105 |a a z 001zy 
200 1 |a Остракоды живетских отложений Саратовского Поволжья  |f А. Ф. Шишкинская  |g Академия наук СССР (АН СССР), Институт геологии и разработки горючих ископаемых 
210 |a Москва  |c Изд-во АН СССР  |d 1959 
215 |a 68 с.  |c ил. 
317 |5 63413507: КР-420  |a Поступила в НТБ в 2004 г. в составе книжного собрания профессора ТПИ К. В. Радугина 
320 |a Библиогр.: с. 65-68. 
606 |a Остракоды ископаемые  |2 stltpush  |3 (RuTPU)RU\TPU\subj\47597  |9 66519 
610 1 |a девон 
610 1 |a Поволжье 
610 1 |a девонские отложения 
610 1 |a изучение 
610 1 |a фауна 
610 1 |a распространение 
610 1 |a библиотека К. В. Радугина 
610 1 |a история 
675 |a 565.33  |v 3 
700 1 |a Шишкинская  |b А. Ф.  |g Антонина Федоровна 
712 0 2 |a Академия наук СССР (АН СССР)  |b Институт геологии и разработки горючих ископаемых  |2 stltpush  |3 (RuTPU)RU\TPU\col\13483 
801 1 |a RU  |b 63413507  |c 20130124 
801 2 |a RU  |b 63413507  |c 20221221  |g RCR 
942 |c BK